Créatures : mythologie grecque - Statistiques

Statistiques générales
  • Ce quiz a été pris 215 fois
    192 depuis la dernière actualisation
  • Le résultat moyen est 17 sur 94
Statistiques - réponses
Hint Réponse % Correct
Chien à trois têtes, gardant les Enfers Cerbère
99%
Nom d’une d’elle tuée par Persée Méduse
94%
Créature mi-homme, mi-taureau Minotaure
93%
Créatures ne possédant qu’un œil Cyclope
90%
Cheval ailé, monté par Bellérophon Pégase
85%
Créatures à buste humain et corps de cheval Centaure
75%
Femme à corps de lion, posant une énigme Sphinx
74%
Femmes aux cheveux de serpents Gorgone
70%
Créature mi-lion, mi-chèvre, mi-serpent invincible Chimère
62%
Créatures réputées pour leur chant Sirène
56%
Reptile tué par Héraclès, en brûlant son cou Hydre de Lerne
48%
Lion tué par Héraclès, en l’étouffant Lion de Némée
48%
Créatures mi-homme, mi-bouc Satyre
43%
Plus célèbre et plus sage d’entre eux Chiron
39%
Fils de Poséidon, ennemi juré d’Ulysse Polyphème
38%
Nymphe transformée en monstre à six têtes Scylla
38%
Déesse changée en gouffre dévorant les marins Charybde
36%
Créature au buste d’aigle et au corps de lion Griffon
33%
Créatures leur ressemblant, tuée par Jason Harpie
30%
« Père de tous les monstres », ennemi de Zeus Typhon
30%
Créatures aux 100 bras et aux 50 têtes Hécatonchire
28%
Serpent géant, ennemi juré d’Apollon Python
26%
« Mère de tous les monstres » Échidna
22%
Nymphes des mers, filles de Nérée Néréïde
21%
Oiseaux d’un lac réputés pour leur bec de métal Oiseaux du lac Stymphale
20%
Nymphes des océans, filles d’Océan Océanide
19%
Créatures marines, dérivées de Triton Triton
19%
Nymphes des eaux douces Naïade
18%
Sanglier capturé par Héraclès, grâce à un piège Sanglier d’Érymanthe
18%
Le plus célèbre d’entre eux, mari de Cymopolée Briarée
17%
Géant aux 100 yeux gardant Io de l’ordre d’Héra Argos
16%
Juments mangeuses d’hommes Juments de Diomède
16%
Biche d’Artémis capturé par Héraclès Biche de Cérynie
15%
Nymphes des arbres, souvent des chênes Dryade
15%
Créature marines mi-cheval, mi-poisson Hippocampe
15%
Sthéno
15%
« Homme doré », frère de celui-ci Chrysaor
14%
Chèvre ayant élevé Zeus Amalthée
13%
Nom des deux autres Euryale
13%
Géant à trois bustes, gardant les bœufs du soleil Géryon
11%
Nymphes gardant un jardin, filles d’Atlas Hespéride
11%
Brontès
10%
Nom des deux autres Cottos
10%
Taureau capturé par Héraclès et par Thésée Taureau de Crète
10%
Femmes se partageant un œil et une dent Grée
9%
Gygès
9%
Dragon gardant le jardin des Hespérides Ladon
9%
Sanglier tué par Méléagre lors d’une chasse Sanglier de Calydon
9%
Stéropès
9%
Aigle arrachant le foie de Prométhée Aigle du Caucase
8%
Cyclope ouraniens Argès
8%
Géant, grand ami d’Artémis Orion
8%
Renard transformé en pierre par Zeus Renard de Teumesse
8%
Sœur de ce dernier, geôliere des Titans Campé
7%
Un d’entre eux, il a enlevé Déjanire Nessos
7%
Un d’entre eux, compagnon de Dionysos Silène
7%
Laie tué par Thésée Laie de Crommyon
6%
Nymphes reliées au constellation, filles d’Atlas Pléiade
6%
Cheval extrêmement rapide, fils de Déméter Arion
5%
Géant, ennemi d’Athéna, enseveli sous l’Etna Encelade
5%
Géant, un des Aloades, ennemi de Dionysos Otos
5%
Géant, ennemi de Poséidon Polybotès
5%
Roi des géants, ennemi de Zeus Porphyrion
5%
Chien à deux têtes, gardant les bœufs du soleil Orthos
4%
Géant de bronze gardien de Crète Talos
4%
Géant, ennemi d’Hadès Alcyonée
3%
Géant, un des Aloades, ennemi de Dionysos Ephialtès
3%
Géant, ennemi d’Hermès Hippolyte
3%
Géant, ennemi d’Héphaïstos Mimas
3%
Géant invincible lorsqu’il touchait le Terre Antée
2%
Géant, ennemi d’Hécate Clytios
2%
Géant, ennemi d’Arès Damasène
2%
Un d’entre eux, a fait un concours avec Apollon Marsyas
2%
Nom de ces trois femmes Aello
1%
Fils d’Ixion, ancêtre de cette espèce Centauros
1%
Bélier de la Toison d’Or, sacrifié pour Zeus Chrysomallos
1%
Nom de ces trois femmes Dino
1%
Enyo
1%
A déclenché une guerre contre Pirithoos Eurytion
1%
Nymphes reliées à un arbre Hamadryade
1%
Nymphes reliées au ciel, filles d’Hélios Héliade
1%
Princesse aimée de Zeus transformée en monstre Lamia
1%
Chien réputé pour ne jamais lâcher sa proie Lélaps
1%
Nymphes des frênes, filles d’Ouranos Méliade
1%
Ocypète
1%
Nymphes des montagnes et des grottes Oréade
1%
Pemphrédo
1%
Géant, ennemie d’Aphrodite Périboée
1%
Un d’entre eux, grand ami d’Héraclès Pholos
1%
Deux d’entre eux, ayant voulu abuser Atalante Hyléos
0%
Plus célèbre d’entre elle Ligie
0%
Podarge
0%
Rhoécos
0%
Géant fils de Zeus voulant tuer Léto Tityos
0%
Aucun quiz correspondant
Distribution des résultats
% des personnes avec chaque résultat
Percentile par nombre de réponses
Votre historique - résultats
Vous n’avez pas pris ce quiz depuis la dernière actualisation